[Event "Moravka opJ"]
[Site "?"]
[Date "1994.??.??"]
[Round "4"]
[White "Polak, Tomas"]
[Black "Zajogin, Alexander"]
[Result "1-0"]
[WhiteElo "2415"]
[BlackElo "2380"]

1.d4 Nf6 2.c4 e6 3.Nf3 Bb4+ 4.Bd2 a5 5.g3 d5 6.cxd5 exd5 7.Bg2 O-O 8.O-O Re8
9.Bf4 Bf5 10.a3 Bd6 11.Nc3 Bxf4 12.gxf4 Ra6 13.Ne5 Ng4 14.e4 dxe4 15.Nxg4 Qh4
16.h3 h5 17.Ne3 Bxh3 18.Bxh3 Qxh3 19.f5 g6 20.Ncd5 Rd8 21.Nf4 Qh4 22.Neg2 Qf6
23.fxg6 fxg6 24.Qb3+ Qf7 25.Qxb7 g5 26.Nh3 Qf5 27.Qxc7 Rad6 28.Kh2 Nc6 29.Ne3 Qf3
30.Rg1 g4 31.Rg3 Qf6 32.Nxg4 hxg4 33.Rxg4+ Kh8 34.Rag1 Nxd4 35.Rh4+  1-0

[Event "Moscow-ch"]
[Site "Moscow"]
[Date "1994.??.??"]
[Round "?"]
[White "Verner, A."]
[Black "Ageichenko, Genadi A"]
[Result "1/2-1/2"]
[WhiteElo "2380"]
[BlackElo "2350"]

1.Nf3 Nf6 2.c4 e6 3.d4 Bb4+ 4.Bd2 Qe7 5.g3 Nc6 6.Bg2 Ne4 7.O-O d5 8.Bc1 dxc4
9.Ne5 Nxe5 10.Bxe4 Nd7 11.a3 Ba5 12.Qa4 Bb6 13.Qxc4 O-O 14.Nc3 Nf6 15.Bg2 Rd8
16.Rd1 e5 17.d5 Bf5 18.Bg5 h6 19.Bxf6 Qxf6 20.e3 Rac8 21.b4 c6 22.dxc6 Rxd1+
23.Rxd1 bxc6 24.Ne4 Qe6 25.Qc3 Rd8 26.Rxd8+ Bxd8 27.Nd2 e4 28.Qc2 a5 29.bxa5 Bxa5
30.Bxe4 Bxe4 31.Nxe4 Qd5 32.Nc5 h5 33.h4 g6  1/2-1/2

[Event "Moscow-ch"]
[Site "Moscow"]
[Date "1994.??.??"]
[Round "?"]
[White "Rustemov, Alexander"]
[Black "Zhidkov, Valery S"]
[Result "1-0"]
[WhiteElo "2455"]
[BlackElo "2395"]

1.d4 Nf6 2.Nf3 e6 3.c4 Bb4+ 4.Bd2 Qe7 5.g3 Nc6 6.Nc3 Bxc3 7.Bxc3 Ne4 8.Rc1 O-O
9.Bg2 d6 10.d5 Nxc3 11.Rxc3 Nd8 12.O-O a5 13.e4 e5 14.Nd2 f5 15.exf5 Bxf5
16.Re3 Qd7 17.c5 dxc5 18.Nc4 e4 19.f3 Bh3 20.fxe4 Rxf1+ 21.Bxf1 Bxf1 22.Kxf1 Nf7
23.e5 Qf5+ 24.Kg2 b5 25.e6 bxc4 26.Rf3 Qe4 27.exf7+ Kf8 28.d6 Qd4 29.Qc2 cxd6
30.h4 g6 31.Qc1 Rb8 32.Rf2 Kg7 33.h5 Qe4+ 34.Kh2 gxh5 35.Qg5+ Qg6 36.Qd2 Qd3
37.Qf4  1-0

[Event "Moscow ol (Women)"]
[Site "Moscow"]
[Date "1994.??.??"]
[Round "1"]
[White "Tsiganova, Monika"]
[Black "Connolly, Suzanne"]
[Result "1-0"]
[WhiteElo "2260"]
[BlackElo "2035"]

1.d4 Nf6 2.c4 e6 3.Nf3 Bb4+ 4.Bd2 Qe7 5.g3 O-O 6.Bg2 Bxd2+ 7.Qxd2 Ne4 8.Qc2 f5
9.O-O d6 10.Nbd2 Nxd2 11.Nxd2 Nc6 12.e3 Bd7 13.Rac1 e5 14.c5 Kh8 15.d5 Nd8
16.b4 Nf7 17.Kh1 h5 18.f4 e4 19.Nb3 Ba4 20.Qe2 g6 21.Nd4 Bd7 22.Rc2 Nh6 23.Rfc1 Rac8
24.Bf1 Ng4 25.h3 Nf6 26.c6 bxc6 27.dxc6 Be6 28.Qd2 Rce8 29.a4 Qh7 30.Nb5 Ra8
31.Qc3 Qe7 32.Rd2 Kh7 33.Rcd1 Kh6 34.Bc4 Bxc4 35.Qxc4 Qf7 36.Qc3 a6 37.Na3 Rfb8
38.Nc4 Qe6 39.Nxd6 cxd6 40.Rxd6 Qe7 41.Rxf6 Qxb4 42.Qe5 Rd8 43.Rfd6 Rxd6
44.Qxd6 Qc3 45.Qe7 Qxc6 46.g4 hxg4 47.Rd7 Qc1+ 48.Kh2 g3+ 49.Kg2  1-0

[Event "Moscow ol (Men)"]
[Site "Moscow"]
[Date "1994.??.??"]
[Round "2"]
[White "Livshits, Ron"]
[Black "Dizdar, Goran"]
[Result "1-0"]
[WhiteElo "2370"]
[BlackElo "2465"]

1.d4 Nf6 2.c4 e6 3.Nf3 Bb4+ 4.Bd2 c5 5.Bxb4 cxb4 6.e3 O-O 7.Bd3 b6 8.Nbd2 Bb7
9.O-O d6 10.Qc2 Qc7 11.a3 bxa3 12.Rxa3 Nc6 13.Qc3 a5 14.Bb1 Rfc8 15.Rc1 d5
16.e4 Qf4 17.exd5 exd5 18.Qe3 Qg4 19.h3 Qd7 20.Ne5 Qd8 21.Re1 dxc4 22.Ndf3 Qd5
23.Qg5 Re8 24.Rae3 h6 25.Qh4 Red8 26.Ng4 Nxg4 27.hxg4 Qd6 28.g5 Kf8 29.Qe4  1-0

[Event "Moscow ol (Men)"]
[Site "Moscow"]
[Date "1994.??.??"]
[Round "2"]
[White "Janjgava, Lasha"]
[Black "Bogdanovski, Vlatko"]
[Result "1/2-1/2"]
[WhiteElo "2500"]
[BlackElo "2465"]

1.d4 Nf6 2.c4 e6 3.Nf3 Bb4+ 4.Bd2 c5 5.Bxb4 cxb4 6.g3 O-O 7.Bg2 d6 8.O-O Nc6
9.a3 bxa3 10.Rxa3 e5 11.e3 Re8 12.Qb3 exd4 13.Nxd4 Nxd4 14.exd4 Qc7 15.Nc3 Be6
16.Ra4 Rec8 17.Qxb7 Rab8 18.Qxa7 Qxa7 19.Rxa7 Bxc4 20.Rb1 h5 21.Rb7 Rxb7
22.Bxb7 Rb8 23.Bf3 Rb4 24.b3 Rxb3 25.Rxb3 Bxb3 26.Ne4  1/2-1/2

[Event "Moscow ol (Men)"]
[Site "Moscow"]
[Date "1994.??.??"]
[Round "2"]
[White "Temirbaev, Serik"]
[Black "Adams, Michael"]
[Result "1/2-1/2"]
[WhiteElo "2465"]
[BlackElo "2640"]

1.d4 Nf6 2.c4 e6 3.Nf3 Bb4+ 4.Bd2 Qe7 5.g3 Nc6 6.Bg2 Bxd2+ 7.Nbxd2 d6 8.O-O a5
9.e4 e5 10.d5 Nb8 11.b3 O-O 12.a3 c6 13.Ne1 Bg4 14.f3 Bd7 15.Nc2 cxd5 16.cxd5 Na6
17.Nc4 Bb5 18.N2e3 g6 19.Re1 Nc5 20.a4 Be8 21.Nb2 b5 22.axb5 Bxb5 23.Nbc4 Qc7
24.Qc2 Rfb8 25.Reb1 Nfd7 26.Bf1 Bxc4 27.Nxc4 Rb4 28.Kh1 Nb7 29.Ra2 Qc5 30.Rba1 Nb6
31.Nd2 Qxc2 32.Rxc2 Nc5 33.Ra3 f5 34.Bc4 fxe4 35.fxe4 Kf8 36.Kg2 Ke7 37.Kf3 a4
38.bxa4 Raxa4 39.Rxa4 Nbxa4 40.Ra2 Nxe4 41.Nxe4 Rxc4 42.Ra3 h5 43.h3 Kd7
44.g4 hxg4+ 45.hxg4 Nb6 46.Ra7+ Rc7 47.Nf6+ Kc8 48.Rxc7+ Kxc7 49.g5 Kd8 50.Ke3 Nd7
51.Ne4 Kc7 52.Kd2 Nc5 53.Nf6 Kb6 54.Ke3 Kb5 55.Ng8 Nd7 56.Nf6 Nc5 57.Ng8 Nb7
58.Ne7 Nd8 59.Nxg6 Nf7 60.Kf3 Kc5 61.Kg4 Kxd5 62.Nf8  1/2-1/2

[Event "Moscow ol (Men)"]
[Site "Moscow"]
[Date "1994.??.??"]
[Round "4"]
[White "Moussa, Taleb"]
[Black "Hmadi, Slaheddine"]
[Result "1/2-1/2"]
[WhiteElo "2205"]
[BlackElo "2320"]

1.d4 e6 2.Nf3 Nf6 3.c4 Bb4+ 4.Bd2 a5 5.e3 b6 6.Bd3 Bb7 7.O-O d6 8.Qe2 Bxd2
9.Nbxd2 Nbd7 10.Ng5 h6 11.Nge4 O-O 12.f4 Nxe4 13.Nxe4 Bxe4 14.Bxe4 d5 15.Bf3 Nf6
16.Rac1 c6 17.cxd5 exd5 18.Qb5 Rb8 19.Rxc6 Qd7 20.Rfc1 Rfc8 21.h3 Rxc6 22.Qxc6 Kf8
23.Kf2 Ke7 24.Qc3 Rb7 25.g4 Ne8 26.Be2 Rc7 27.Qa3+ Qd6 28.Rxc7+ Nxc7 29.Qc3 g5
30.Kf3 f5 31.Bd3 Kf6 32.a4 Qd7 33.b3 Qd6 34.Qc2 Qd7  1/2-1/2

[Event "Moscow2"]
[Site "Moscow"]
[Date "1994.??.??"]
[Round "6"]
[White "Notkin, Maksim"]
[Black "Shipov, Sergei"]
[Result "1/2-1/2"]
[WhiteElo "2485"]
[BlackElo "2525"]

1.d4 Nf6 2.c4 e6 3.Nf3 Bb4+ 4.Bd2 Bxd2+ 5.Qxd2 d5 6.g3 O-O 7.Bg2 c6 8.O-O Nbd7
9.Qc2 Qe7 10.Nbd2 b6 11.cxd5 cxd5 12.Rfc1 a5 13.e3 Ba6 14.Bf1 Rfc8 15.Qb3 Bxf1
16.Kxf1 Qd6 17.Rc3 Rc7 18.Rac1 Rac8 19.Rxc7 Rxc7 20.Rc3  1/2-1/2

[Event "Moscow ol (Men)"]
[Site "Moscow"]
[Date "1994.??.??"]
[Round "8"]
[White "Orr, Mark J L"]
[Black "Cochrane, John Miles"]
[Result "1/2-1/2"]
[WhiteElo "2370"]
[BlackElo "2215"]

1.d4 Nf6 2.c4 e6 3.Nf3 Bb4+ 4.Bd2 c5 5.Bxb4 cxb4 6.g3 b6 7.Bg2 Bb7 8.O-O d6
9.Qa4+ Qd7 10.Qxb4 O-O 11.Nbd2 Nc6 12.Qa3 a5 13.Rfd1 Qc7 14.Rac1 e5 15.d5 Nb4
16.Ne1 Nd7 17.b3 b5 18.Qb2 Rac8 19.a3 Na6 20.e4 f5  1/2-1/2

[Event "Moscow ol (Women)"]
[Site "Moscow"]
[Date "1994.??.??"]
[Round "10"]
[White "Donaldson Akhmilovskaya, Elena"]
[Black "Lalic, Susan"]
[Result "1/2-1/2"]
[WhiteElo "2410"]
[BlackElo "2375"]

1.d4 Nf6 2.Nf3 e6 3.c4 Bb4+ 4.Bd2 Qe7 5.g3 Nc6 6.Nc3 Bxc3 7.Bxc3 Ne4 8.Rc1 d6
9.d5 Nxc3 10.Rxc3 Nb8 11.Bg2 e5 12.O-O O-O 13.b4 a5 14.a3 Na6 15.Qb1 axb4
16.axb4 Bd7 17.Rfc1 c5 18.dxc6 bxc6 19.Rb3 Rab8 20.Qb2 Rfe8 21.Ne1 Rb6 22.Rb1 Reb8
23.Qc3 Bf5 24.e4 Be6 25.Nc2 f6 26.f4 Qf7 27.Ne3 Qb7 28.Nc2 Qf7 29.Ne3 Qb7
30.Nc2 Qf7  1/2-1/2

[Event "Moscow"]
[Site "Moscow"]
[Date "1994.??.??"]
[Round "10"]
[White "Komliakov, Viktor"]
[Black "Naumkin, Igor"]
[Result "1/2-1/2"]
[WhiteElo "2445"]
[BlackElo "2455"]

1.d4 Nf6 2.c4 e6 3.Nf3 Bb4+ 4.Bd2 Qe7 5.g3 Nc6 6.Bg2 Bxd2+ 7.Nbxd2 d6 8.O-O a5
9.e4 e5 10.d5 Nb8 11.b3 Na6 12.a3 O-O 13.Rb1 Bd7 14.Ne1 c6 15.b4 axb4 16.axb4 c5
17.b5 Nb4 18.Nc2 Nxc2 19.Qxc2  1/2-1/2

[Event "Moscow ol (Men)"]
[Site "Moscow"]
[Date "1994.??.??"]
[Round "10"]
[White "Bouaziz, Slim"]
[Black "David, Alberto"]
[Result "1-0"]
[WhiteElo "2515"]
[BlackElo "2425"]

1.d4 Nf6 2.c4 e6 3.Nf3 Bb4+ 4.Bd2 Qe7 5.g3 Bxd2+ 6.Qxd2 d6 7.Nc3 e5 8.Bg2 O-O
9.O-O Nc6 10.d5 Nb8 11.e4 a5 12.Ne1 Na6 13.Nd3 Nd7 14.f4 Ndc5 15.Nxc5 Nxc5
16.f5 f6 17.Rf2 g5 18.Bf3 Bd7 19.h4 h6 20.Rh2 Qg7 21.hxg5 hxg5 22.Bh5 Be8
23.Qe2 Bxh5 24.Qxh5 Rf7 25.Kg2 Nd7 26.Rah1 Nf8 27.Nd1 Ra6 28.Ne3 Rb6 29.Kf1 Rb4
30.Ng4 Re7 31.Nh6+ Kh8 32.Qe2 Rd7 33.Ng4+ Kg8 34.Rh6  1-0

[Event "Moscow ol (Women)"]
[Site "Moscow"]
[Date "1994.??.??"]
[Round "11"]
[White "Berezina, Irina"]
[Black "Aslanian, Ludmila K"]
[Result "1/2-1/2"]
[WhiteElo "2210"]
[BlackElo "2230"]

1.d4 Nf6 2.c4 e6 3.Nf3 Bb4+ 4.Bd2 Qe7 5.g3 Nc6 6.a3 Bxd2+ 7.Nbxd2 a5 8.Bg2 d6
9.O-O O-O 10.b3 e5 11.d5 Nb8 12.e4 Bg4 13.h3 Bd7 14.Ne1 b5 15.Nd3 bxc4 16.bxc4 c6
17.Rb1 Na6 18.f4 cxd5 19.cxd5 exf4 20.gxf4 Rab8 21.e5 Rxb1 22.Nxb1 Ne8 23.Qf3 Bf5
24.Re1 Nec7 25.Nd2 Nb5 26.Nb3 a4 27.Na5 Qa7+ 28.Nf2 Nb8 29.Nc4 Re8 30.Qe3 Qxe3
31.Rxe3 Kf8 32.Be4 Bxe4 33.Nxe4 dxe5 34.fxe5 Nd7 35.Ng5 h6 36.Nf3 Rc8 37.Nfd2 Rc5
38.d6 Nd4 39.Re4 Ne6 40.Nf3 g6 41.h4 Rb5 42.Kf2 Rb1 43.Ncd2 Rb2 44.Ke3 Nec5
45.Rc4 Ra2 46.Rc3 Kg7 47.Kd4 Ne6+ 48.Kd5 Rb2 49.Ne4 Rb1 50.Nfd2 Rh1 51.Kc6 Nef8
52.Nf3 Rb1 53.Nd4 Re1 54.Nf3 Rb1 55.Nd4 Re1 56.Nf3 Rb1 57.Kc7 Rb5 58.Kd8  1/2-1/2

[Event "Moscow ol (Men)"]
[Site "Moscow"]
[Date "1994.??.??"]
[Round "11"]
[White "Sunthornpongsathorn, Veeraphol"]
[Black "Hmadi, Slaheddine"]
[Result "1-0"]
[WhiteElo "2325"]
[BlackElo "2320"]

1.d4 e6 2.c4 Nf6 3.Nf3 Bb4+ 4.Bd2 a5 5.a3 Bxd2+ 6.Nbxd2 d6 7.e3 Nbd7 8.Bd3 e5
9.O-O O-O 10.Qc2 Qe7 11.Ng5 h6 12.Nge4 Nxe4 13.Nxe4 f5 14.Nc3 e4 15.Be2 c6
16.f3 exf3 17.Rxf3 Nf6 18.Bd3 Ng4 19.Qd2 Qg5 20.h3 Nf6 21.Raf1 Nh5 22.g4 Nf6
23.Bxf5 h5 24.Qg2 hxg4 25.hxg4 g6 26.Bxc8 Raxc8 27.Rf4 Rce8 28.Ne4 Nxe4 29.Rxf8+ Rxf8
30.Rxf8+ Kxf8 31.Qxe4 Qh4 32.Kg2 Qe1 33.Qe6 Kg7 34.Kf3 Kh6 35.Qxd6 Qh1+ 36.Kf2 Qb1
37.Qf4+ Kh7 38.Qf7+ Kh8 39.Qf6+  1-0

[Event "Moscow"]
[Site "Moscow"]
[Date "1994.??.??"]
[Round "12"]
[White "Rausis, Igors"]
[Black "Zlochevskij, Alexander"]
[Result "1/2-1/2"]
[WhiteElo "2495"]
[BlackElo "2485"]

1.d4 Nf6 2.c4 e6 3.Nf3 Bb4+ 4.Bd2 Qe7 5.g3 O-O 6.Bg2 Nc6 7.Nc3 Bxc3 8.Bxc3 Ne4
9.Rc1 d5 10.Nd2 Nxd2 11.Qxd2 Rd8 12.Qd3 a5 13.a3  1/2-1/2

[Event "Moscow ol (Men)"]
[Site "Moscow"]
[Date "1994.??.??"]
[Round "13"]
[White "Manninen, Marko"]
[Black "Bogdanovski, Vlatko"]
[Result "1/2-1/2"]
[WhiteElo "2385"]
[BlackElo "2465"]

1.d4 Nf6 2.c4 e6 3.Nf3 Bb4+ 4.Bd2 c5 5.Bxb4 cxb4 6.g3 O-O 7.Bg2 d6 8.O-O Nc6
9.a3 Re8 10.Qb3 Qb6 11.axb4 Qxb4 12.Nfd2 d5 13.Qxb4 Nxb4 14.Na3 Bd7 15.Rfc1 Rec8
16.Nc2  1/2-1/2

[Event "JUG-chT"]
[Site "Nis"]
[Date "1994.??.??"]
[Round "?"]
[White "Antic, Dejan"]
[Black "Rajkovic, Dusan"]
[Result "1-0"]
[WhiteElo "2385"]
[BlackElo "2475"]

1.d4 Nf6 2.c4 e6 3.Nf3 Bb4+ 4.Bd2 a5 5.g3 d5 6.Qc2 Nc6 7.Bg2 dxc4 8.Qxc4 Qd5
9.Qd3 Qe4 10.Qxe4 Nxe4 11.a3 Nxd2 12.Nbxd2 Be7 13.Rc1 a4 14.e3 Bd7 15.O-O Bd8
16.Rfd1 f6 17.Ne4 Ra5 18.Nc5 Bc8 19.Ne1 Be7 20.Nxb7 Bxb7 21.Bxc6+ Bxc6 22.Rxc6 Kd7
23.Rdc1 Bd6 24.Nd3 Rb8 25.R6c4 Rb3 26.R1c3 Rxc3 27.Rxc3 e5 28.dxe5 Bxe5 29.Rc5 Rxc5
30.Nxc5+ Kc6 31.Nxa4 Kb5 32.Nc3+ Kc5 33.a4 Kb4 34.Kf1 c5 35.f4 Bb8 36.Ke2 Kb3
37.Kd3 c4+ 38.Kd4 Ba7+ 39.Kd5 Bxe3 40.a5 Kb4 41.a6 Ka5 42.Kxc4 Kxa6 43.Kd5 Ka5
44.Ke6 Bd4 45.Kf7 f5 46.Kg8 h6 47.Kf7 Kb4 48.Nd5+ Kc4 49.Ne7 Bxb2 50.Kg6 Kd3
51.Nxf5 Ke4 52.Nxg7 Kf3 53.f5 Kg2 54.f6 Kxh2 55.f7 Ba3 56.g4 Kg3 57.Kh5  1-0

[Event "JUG-chT"]
[Site "Nis"]
[Date "1994.??.??"]
[Round "?"]
[White "Abramovic, Bosko"]
[Black "Stanojevic, Branko"]
[Result "1-0"]
[WhiteElo "2500"]
[BlackElo "2345"]

1.d4 Nf6 2.Nf3 e6 3.c4 Bb4+ 4.Bd2 Qe7 5.g3 O-O 6.Bg2 Nc6 7.O-O Bxd2 8.Qxd2 d6
9.Nc3 e5 10.Nd5 Qd8 11.dxe5 dxe5 12.Rfd1 Re8 13.Qc3 Rb8 14.b4 Bg4 15.Ne3 Qe7
16.Nxg4 Nxg4 17.b5 Nd8 18.Bh3 Nf6 19.Nh4 g6 20.Qe3 c5 21.Rd2 e4 22.Rad1 Ne6
23.Bxe6 Qxe6 24.Rd6 Qe5 25.h3 Kg7 26.Ng2 b6 27.Qf4 Rb7 28.a4 Ree7 29.Qxe5 Rxe5
30.Ne3 Re6 31.Rd8 Ree7 32.a5 bxa5 33.Ra1 a6 34.bxa6 Ra7 35.Rd6 Ne8 36.Rc6 Re6
37.Rxe6 fxe6 38.Rxa5 Nc7 39.Rxc5 Nxa6 40.Re5 Kf6 41.Rxe4 Nc5 42.Rd4 Ra2 43.Kf1  1-0

[Event "NLD-chT9495"]
[Site "?"]
[Date "1994.??.??"]
[Round "7"]
[White "Brenninkmeijer, Joris"]
[Black "Rogers, Ian"]
[Result "1/2-1/2"]
[WhiteElo "2495"]
[BlackElo "2565"]

1.d4 Nf6 2.c4 e6 3.Nf3 Bb4+ 4.Bd2 Qe7 5.g3 Nc6 6.Nc3 Bxc3 7.Bxc3 Ne4 8.Rc1 O-O
9.Bg2 d6 10.d5 Nxc3 11.Rxc3 Nb8 12.dxe6 fxe6 13.h4 Nd7 14.Ng5 Nf6 15.Qc2 c6
16.O-O e5 17.Rd1 h6 18.Ne4 Bf5 19.Nxf6+ Rxf6 20.e4 Bg4 21.Rd2 c5 22.Qa4 b6
23.f3 Bd7 24.Qd1 Rd8 25.Rcd3 Bc8 26.Kh2 g5 27.h5 Qe6 28.Qa4 Qf7 29.g4 Qc7  1/2-1/2

[Event "NLD-chT9495"]
[Site "?"]
[Date "1994.??.??"]
[Round "9"]
[White "Van Gaalen, Bas"]
[Black "Deleyn, Gunter"]
[Result "1-0"]
[WhiteElo "2390"]
[BlackElo "2320"]

1.d4 Nf6 2.c4 e6 3.Nf3 Bb4+ 4.Bd2 Qe7 5.g3 Nc6 6.Bg2 Bxd2+ 7.Nbxd2 d6 8.O-O a5
9.e4 e5 10.d5 Nb8 11.Qc2 O-O 12.b3 Na6 13.a3 c6 14.Nh4 g6 15.f4 Ng4 16.Rae1 exf4
17.Rxf4 cxd5 18.cxd5 Qc7 19.Qxc7 Nxc7 20.Nhf3 f6 21.h3 Ne5 22.Nxe5 dxe5 23.Rf2 Ra6
24.Bf1 Rb6 25.Re3 Bd7 26.Rc3 Nb5 27.Bxb5 Rxb5 28.g4 f5 29.Rc7 Rd8 30.gxf5 g5
31.a4 Rb4 32.Nc4 Rxb3 33.Nxe5 Rb1+ 34.Kg2  1-0

[Event "NLD-sf"]
[Site "?"]
[Date "1994.??.??"]
[Round "4"]
[White "Van Gisbergen, Stan"]
[Black "Van Doeland, Julius H"]
[Result "0-1"]
[WhiteElo "2360"]
[BlackElo "2310"]

1.d4 Nf6 2.c4 e6 3.Nf3 Bb4+ 4.Bd2 Qe7 5.g3 O-O 6.Bg2 Nc6 7.O-O Bxd2 8.Qxd2 d6
9.Nc3 e5 10.d5 Nb8 11.b4 Na6 12.a3 h6 13.e4 Kh7 14.Ne1 Nd7 15.Nd3 Nb6 16.Qa2 Bd7
17.Rac1 c6 18.a4 cxd5 19.cxd5 Rac8 20.a5 Na8 21.f4 N8c7 22.Qb3 Nb5 23.fxe5 dxe5
24.Nxb5 Bxb5 25.Rxc8 Rxc8 26.Bh3 Rd8 27.Rb1 b6 28.axb6 axb6 29.Nf2 Nc7 30.Bf1 Bxf1
31.Rxf1 Nb5 32.Qe3 Nd4 33.Ng4 h5 34.Nf2 Rc8 35.Kh1 Qf6 36.Kg1 Rc3 37.Nd3 Qg6
38.Rc1 Ra3 39.Rc4 Qg4 40.Rxd4  0-1

[Event "NOR-chT"]
[Site "?"]
[Date "1994.??.??"]
[Round "5"]
[White "Madsen, Dag"]
[Black "Groenn, Atle"]
[Result "1-0"]
[WhiteElo "2310"]
[BlackElo "2320"]

1.d4 e6 2.Nf3 Nf6 3.c4 Bb4+ 4.Bd2 Qe7 5.g3 Nc6 6.Nc3 d5 7.a3 Bxc3 8.Bxc3 Ne4
9.Rc1 O-O 10.Bg2 Bd7 11.Qc2 a5 12.O-O Rfd8 13.Rfd1 Be8 14.Ne1 f5 15.cxd5 exd5
16.Nd3 Bf7 17.e3 Bh5 18.Re1 Rd7 19.b4 axb4 20.axb4 Nd8 21.Ra1 Rb8 22.Ne5 Rd6
23.f3 Nxc3 24.Qxc3 Nc6 25.f4 Bf7 26.Rec1 Nxe5 27.fxe5 Rc6 28.Qb3 Qd7 29.Rc5 Rxc5
30.bxc5 Qc6 31.Qa4 Qxa4 32.Rxa4 b5 33.cxb6 cxb6 34.Rb4 b5 35.Kf2 Kf8 36.Ke1 Ke7
37.Bf1 Be8 38.Kd2 Kd8 39.Rb2 Kc7 40.Bd3 g6 41.Kc3 Kb6 42.Ra2 Rc8+ 43.Kb4 Rc1
44.Ra8 Bc6 45.Rb8+ Kc7 46.Rh8 h5 47.Rg8 Rd1 48.Bc2 Rd2 49.Kb3 Rxh2 50.Rxg6 Rf2
51.Rg5 Bd7 52.Rxh5 Rf3 53.Kb4 Rxg3 54.Bxf5 Be8 55.Rh8 Bc6 56.Kc5 Bb7 57.Rh7+  1-0

[Event "BCF-ch"]
[Site "Norwich"]
[Date "1994.??.??"]
[Round "2"]
[White "Arkell, Keith C"]
[Black "Dive, Russell John"]
[Result "1-0"]
[WhiteElo "2500"]
[BlackElo "2315"]

1.d4 Nf6 2.Nf3 e6 3.c4 Bb4+ 4.Bd2 Qe7 5.g3 b6 6.Bg2 Bb7 7.O-O Bxd2 8.Qxd2 O-O
9.Nc3 Ne4 10.Nxe4 Bxe4 11.Qf4 d5 12.Rac1 c5 13.cxd5 exd5 14.dxc5 bxc5 15.Qe3 Qf6
16.Rxc5 Qxb2 17.Qd2 Qb7 18.Ng5 Bxg2 19.Kxg2 Nd7 20.Qc2 Nf6 21.Rc7 Rac8 22.Rc1 Rxc7
23.Qxc7 Qa6 24.Rc2 h6 25.Nf3 Re8 26.Nd4 Qb6 27.e3 Rb8 28.Qe5 Re8 29.Qf4 a5
30.Rc6 Qb1 31.Nf5 Qe4+ 32.Qxe4 Nxe4 33.f3 Nd2 34.Rc5 d4 35.Nxd4 Rxe3 36.Rxa5 Rd3
37.Ra4 g6 38.Kf2 Nb1 39.Ne2 Rd2 40.Ra8+ Kg7 41.Ke3 Rc2 42.h4 Nc3 43.Nxc3 Rxc3+
44.Ke4 h5 45.a4 Rc1 46.Rd8 Re1+ 47.Kf4 Ra1 48.Rd4 Kf6 49.Rb4 Ra2 50.g4 hxg4
51.fxg4 Rf2+ 52.Ke4 Rh2 53.Kd5 Ke7 54.g5 Ra2 55.Kc6 f6 56.gxf6+ Kxf6 57.Kb6 g5
58.hxg5+ Kxg5 59.a5 Rh2 60.a6 Rh6+ 61.Ka5 Rh7 62.Rb7 Rh1 63.a7 Ra1+ 64.Kb6 Rb1+
65.Kc7 Rc1+ 66.Kb8  1-0

[Event "Oberwart op"]
[Site "Oberwart"]
[Date "1994.??.??"]
[Round "5"]
[White "Landa, Konstantin"]
[Black "Strauss, Anton"]
[Result "1-0"]
[WhiteElo "2510"]
[BlackElo "2245"]

1.d4 Nf6 2.c4 e6 3.Nf3 Bb4+ 4.Bd2 Qe7 5.g3 Nc6 6.Nc3 Bxc3 7.Bxc3 Ne4 8.Rc1 O-O
9.Bg2 d6 10.O-O Nxc3 11.Rxc3 e5 12.d5 Nb8 13.Qc2 a5 14.c5 Na6 15.cxd6 cxd6
16.Nd2 b5 17.Rc1 Bd7 18.Qd3 Rfb8 19.b3 g6 20.e4 Qd8 21.Qe2 a4 22.Rb1 b4 23.Rc2 Nc5
24.Qe3 axb3 25.axb3 Bb5 26.Bf1 Bxf1 27.Rxf1 Ra3 28.Rb1 Rba8 29.Rcc1 Ra2 30.Nc4 Qf6
31.f3 Nd7 32.h4 h5 33.Rb2 Kg7 34.Rbc2 Rxc2 35.Rxc2 Ra1+ 36.Kg2 Rb1 37.Nd2 Ra1
38.Rc6 Ra2 39.Kh3 Nb8 40.Rc8 Na6 41.Nc4 Qe7 42.Rc6 Rc2 43.Rxa6 Qd7+ 44.g4 hxg4+
45.Kg3 Rc3 46.Ra7 Qd8 47.Qg5 Rxf3+ 48.Kxg4 Rf6 49.Kg3 Qc8 50.Qxf6+  1-0

[Event "Orel2"]
[Site "Orel"]
[Date "1994.??.??"]
[Round "3"]
[White "Kazhgaleyev, Murtas"]
[Black "Itkis, Boris"]
[Result "1/2-1/2"]
[WhiteElo "2490"]
[BlackElo "2455"]

1.Nf3 e6 2.d4 Nf6 3.c4 Bb4+ 4.Bd2 Qe7 5.g3 Nc6 6.Bg2 Bxd2+ 7.Nbxd2 a5 8.O-O d6
9.e4 e5 10.d5 Nb8 11.Ne1 h5 12.Nd3 h4 13.Qe2 Na6 14.f4 hxg3 15.hxg3 Bg4 16.Qe3 Bd7
17.Nf3 Ng4 18.Qd2 b6 19.Qc3 Nc5 20.Nxc5 bxc5 21.b3 Qf6 22.Rae1 Qh6 23.f5 g6
24.fxg6 fxg6 25.Qc1 Qxc1 26.Rxc1 a4 27.Nh4 g5 28.Nf5 Bxf5 29.Rxf5 axb3 30.axb3 Ra2
31.Rcf1 Ne3 32.R5f2 Rxf2 33.Rxf2 Ke7 34.Re2 Ng4 35.Bf3 Nf6 36.g4 Ra8 37.Kf2 Ra1
38.Re3 Rb1 39.Rd3 Kd7 40.Ke3 Kc8 41.Bd1 Rb2 42.Kf3 Kb7 43.Be2 Kb6 44.Bd1 Ka5
45.Be2 Nxg4 46.Kxg4 Rxe2 47.Kf5 g4 48.Rg3 Rf2+ 49.Kxg4 Rf4+ 50.Kg5 Rxe4 51.Kf6 Rf4+
52.Ke7 Kb4 53.Ke6 Ka3 54.Rg7 Rh4 55.Kd7 Kxb3 56.Kxc7 Kxc4 57.Kxd6 Rd4 58.Kc6 Rxd5
59.Rg5 Rd8 60.Rxe5 Rc8+ 61.Kb7 Rh8 62.Kb6 Rh6+ 63.Ka5 Kd4 64.Rg5 Rh4 65.Ka4 Kd3+
66.Ka3 c4 67.Rg3+ Kd4 68.Kb2 Rh2+ 69.Kc1 Kc5 70.Rf3 Kb4 71.Rg3  1/2-1/2

[Event "Pardubice op"]
[Site "Pardubice"]
[Date "1994.??.??"]
[Round "1"]
[White "Rocius, Marijonas"]
[Black "Gipslis, Aivars"]
[Result "0-1"]
[WhiteElo "2255"]
[BlackElo "2485"]

1.d4 Nf6 2.c4 e6 3.Nf3 Bb4+ 4.Bd2 Qe7 5.Qc2 Bxd2+ 6.Nbxd2 d6 7.e3 e5 8.Bd3 O-O
9.Bf5 Nc6 10.Bxc8 Raxc8 11.d5 Nb4 12.Qc3 Na6 13.O-O c6 14.dxc6 Rxc6 15.b4 Nc7
16.Qb2 Ne6 17.c5 e4 18.cxd6 Rxd6 19.Ne5 Rfd8 20.Ndc4 Rd5 21.a4 h5 22.f3 exf3
23.Rxf3 Ng5 24.Rf5 Nge4 25.Raf1 Qe6 26.R5f4 Nd2 27.Nxd2 Rxd2 28.Qc3 Qa2 29.Nf3 Rxg2+
30.Kh1 Ng4 31.Rxg4 hxg4 32.Qc7 Rf8 33.Nh4 Rf2 34.Rd1 Qe2 35.Rg1 Rf1 36.Qxb7 Rxg1+
37.Kxg1 Rd8  0-1

[Event "Pardubice op"]
[Site "Pardubice"]
[Date "1994.??.??"]
[Round "8"]
[White "Kiselev, Sergey"]
[Black "Mokry, Karel"]
[Result "1-0"]
[WhiteElo "2460"]
[BlackElo "2530"]

1.d4 Nf6 2.Nf3 e6 3.c4 Bb4+ 4.Bd2 c5 5.Bxb4 cxb4 6.g3 O-O 7.Bg2 d6 8.Nbd2 Nc6
9.O-O e5 10.d5 Ne7 11.Ne1 a5 12.a3 bxa3 13.Rxa3 b6 14.Nd3 Bb7 15.Qb1 Qc7
16.b4 axb4 17.Qxb4 Rxa3 18.Qxa3 Ra8 19.Qb2 Nd7 20.Rb1 f5 21.e4 Rf8 22.c5 dxc5
23.Nc4 Nc8 24.exf5 Ba6 25.Ndxe5 Bxc4 26.Nxc4 Nd6 27.Nxd6 Qxd6 28.Qe2 Rxf5
29.Qe6+ Qxe6 30.dxe6 Nf6 31.Rxb6 g5 32.Bf1 Re5 33.Rb7 Ne8 34.f4 gxf4 35.gxf4 Re4
36.Bg2 Rxf4 37.Rb8 Kf8 38.Bc6 Rg4+ 39.Kf2  1-0

[Event "Paris op"]
[Site "Paris"]
[Date "1994.??.??"]
[Round "4"]
[White "Shevelev, Arkady"]
[Black "Legky, Nikolay A"]
[Result "1/2-1/2"]
[WhiteElo "2280"]
[BlackElo "2525"]

1.d4 e6 2.Nf3 Nf6 3.c4 Bb4+ 4.Bd2 c5 5.Bxb4 cxb4 6.e3 O-O 7.Be2 b6 8.O-O Bb7
9.Qa4 a5 10.a3 d6 11.Qb3 Na6 12.Rd1 Qe7 13.axb4 Nxb4 14.Nc3 Nd7 15.Na2 Nxa2
16.Rxa2 Rfc8 17.Qa3 Nb8 18.b3 Na6 19.Rad2 Nb4 20.Ne1 Be4 21.Qa4 Qb7 22.Qb5 h6
23.Bf3 Rab8 24.h3 Bc6 25.Qh5 Bxf3 26.Nxf3 b5 27.c5 dxc5 28.dxc5 Nd5 29.Qe5 Qc7
30.Qxc7 Rxc7 31.Ra1 Rxc5 32.Rxa5 Rc3 33.Nd4 b4 34.Rda2 Rbc8 35.Kh2 g6 36.Rb5 R3c5
37.Raa5 Rxb5 38.Rxb5 Rc3 39.e4 Rd3 40.Nc6 Nc3 41.Rxb4 Rd2 42.f3 Ne2 43.e5 g5
44.Rg4 Kg7 45.h4 f5 46.exf6+ Kxf6 47.hxg5+ hxg5 48.b4 Nf4 49.b5 Rb2 50.Na7 e5
51.Nc8 e4 52.fxe4 Rxb5 53.Nd6 Rb4 54.Rg3  1/2-1/2

[Event "Passau op"]
[Site "Passau"]
[Date "1994.??.??"]
[Round "?"]
[White "Notkin, Maksim"]
[Black "Jankovskis, Guntis"]
[Result "1-0"]
[WhiteElo "2485"]
[BlackElo "2330"]

1.d4 e6 2.c4 Nf6 3.Nf3 Bb4+ 4.Bd2 Qe7 5.g3 O-O 6.Bg2 Bxd2+ 7.Qxd2 d5 8.O-O Rd8
9.Rc1 Nc6 10.Qc3 Ne4 11.Qe3 Nd6 12.cxd5 Nf5 13.Qf4 exd5 14.Nc3 Be6 15.e3 f6
16.Ne1 Nh6 17.Nd3 Rd6 18.h3 a6 19.Nc5 Nd8 20.b4 c6 21.a4 Bc8 22.b5 axb5 23.axb5 Rxa1
24.Rxa1 Ne6 25.Nxe6 Bxe6 26.Ra7 Rd7 27.Na4 g5 28.Qb8+ Rd8 29.Qxb7 Qxb7 30.Rxb7 cxb5
31.Rxb5 Nf5 32.Rb7 Nd6 33.Ra7 Nc4 34.Nc5 Bf7 35.g4 Rd6 36.Rc7 Nb6 37.Kf1 h5
38.Nb7 Rd7 39.Rxd7 Nxd7 40.gxh5 Nb6 41.Bf3 Be6 42.Kg2 Kg7 43.Kg3 f5 44.Be2 Nc4
45.Nc5 Bf7 46.f4 gxf4+ 47.Kxf4 Kh6 48.Nd7 Be6 49.Ne5 Nd6 50.Ng6 Nf7 51.Ne7 Kg7
52.Bf3  1-0

[Event "World op"]
[Site "Philadelphia"]
[Date "1994.??.??"]
[Round "?"]
[White "Van Wely, Loek"]
[Black "Rashkovsky, Nukhim N"]
[Result "1-0"]
[WhiteElo "2570"]
[BlackElo "2535"]

1.d4 Nf6 2.c4 e6 3.Nf3 Bb4+ 4.Bd2 Bxd2+ 5.Qxd2 O-O 6.Nc3 d5 7.e3 Qe7 8.Rc1 Rd8
9.cxd5 exd5 10.Bd3 b6 11.O-O Bb7 12.b3 c5 13.Qb2 Nbd7 14.Rfd1 Kf8 15.Ne2 Rac8
16.Nf4 a5 17.Bb5 Rc7 18.dxc5 Rxc5 19.Nd4 Rdc8 20.Rxc5 Rxc5 21.a3 Ne4 22.b4 axb4
23.axb4 Rc8 24.Ra1 Nd6 25.Be2 Nf6 26.Qb3 Kg8 27.h3 h6 28.b5 Nc4 29.Rc1 Qc5
30.Nd3 Qd6 31.Nb4 Ne5 32.Nbc6 Re8 33.Qb2 Bc8 34.Ra1 Bd7 35.Ra6 Bc8 36.Ra7 Ne4
37.Qc2 Nc5 38.Nf5 Qf6 39.Nfe7+ Kh8 40.Nxd5 Qd6 41.Nxb6 Be6 42.Nc4 Bxc4 43.Nxe5 Qxe5
44.Qxc4 Ne6  1-0

[Event "Podebrady"]
[Site "Podebrady"]
[Date "1994.??.??"]
[Round "?"]
[White "Nigrin, J."]
[Black "Dlouhy, O."]
[Result "0-1"]
[WhiteElo "1900"]
[BlackElo "1865"]

1.d4 Nf6 2.c4 e6 3.Nf3 Bb4+ 4.Bd2 Qe7 5.a3 Bxd2+ 6.Nbxd2 O-O 7.e3 d6 8.Be2 Nbd7
9.O-O e5 10.dxe5 Nxe5 11.h3 Rd8 12.Qc2 d5 13.Nxe5 Qxe5 14.Nf3 Bf5 15.Qb3 Qe7
16.Qxb7 Rdb8 17.Qc6 Bd7 18.Qxc7 Rxb2 19.Nd4 Rc8 20.Qxa7 dxc4 21.Rfc1 c3 22.Bd3 Nd5
23.Ne2 g6 24.Qd4 Qg5 25.Kh2 Rd2 26.Rc2 Re8 27.Nxc3 Nxe3 28.g4 Nxc2 29.Qxd7 Qe5+
30.Kg1 Nxa1 31.Ne4 Qxe4  0-1